000 00744nam a2200277Ia 4500
005 20260320195750.0
008 008 262003s9999 xx 000 0 hin d
020 _a9788126730506
037 _aEBOOK
040 _aCRL
040 _bhin
040 _cCRL
041 _2hin
041 _ahin
084 _qCRL
100 _aअचला बंसल, अनु. मृदुला गर्ग, स्मिता, प्रियदर्शन
_91133052
245 0 _aबहरहाल धन्यवाद
250 _a2nd
260 _bRajkamal
260 _c2017
300 _a160
856 _uhttps://ebook.indiaread.in/pdfs/9788126730506.pdf
942 _cEBOOK
999 _c1716373
_d1716373